| 000 | 00602nam a2200229Ia 4500 | ||
|---|---|---|---|
| 003 | OSt | ||
| 005 | 20220928121902.0 | ||
| 006 | a|||||r|||| 00| 0 | ||
| 007 | ta | ||
| 008 | 220927b |||||||| |||| 00| 0 eng d | ||
| 024 | _a31228 | ||
| 037 | _cTextual | ||
| 040 |
_aSDCL _cSDCL _beng |
||
| 041 |
_2eng _aeng |
||
| 082 | _aL7, M4 | ||
| 100 |
_aMason Stephen T _9454671 |
||
| 245 | 0 | _aCatecholamines and behaviour. | |
| 260 |
_aCambridge _bCambridge University Press _c1984 |
||
| 300 |
_axiii,464p. _ccm. |
||
| 942 |
_hL7, M4 _cTEXL _2CC |
||
| 999 |
_c768386 _d768386 |
||